000 02140cam a2200349 i 4500
001 991107472019706196
005 20251215120603.0
008 241003s2025 enk 000 f eng d
020 _a9780241600269
035 _a(OCoLC)1493148338
_z(OCoLC)1493154275
035 _a(OCoLC)on1493148338
040 _aUKYRK
_beng
_erda
_cUKYRK
_dOCLCO
_dQGQ
_dYDX
041 1 _aEnglish
_hKorean
050 4 _aPL992.26.K36
_bC4513 2025
100 _aHan, Kang
_d1970-
_eauthor
240 1 0 _aChakpyŏl haji annŭnda.
_lEnglish
245 1 0 _aWe do not part
_c/ Han Kang ; translated by Emily Yae Won and Paige Aniyah Morris.
260 _aLondon :
_bHamish Hamilton,
_c2025.
300 _a374 pages ;
_c23 cm
500 _aTranslated from the Korean.
500 _aOriginally published in South Korea as "Chakpyŏl haji annŭnda" in 2021.
520 8 _aOne morning in December, Kyungha is called to her friend Inseon's hospital bedside. Airlifted to Seoul for an operation following a wood-chopping accident, Inseon is bedridden and begs Kyungha to take the first plane to her home on Jeju Island to feed her pet bird, who will quickly die unless it receives food. Unfortunately, as Kyungha arrives a snowstorm hits. Lost in a world of snow, she begins to wonder if she will arrive in time to save the bird - or even survive the terrible cold that envelops her with every step. But she doesn't yet suspect the darkness which awaits her at her friend's house. There, the long-buried story of Inseon's family surges into light, in dreams and memories passed from mother to daughter, and in a painstakingly assembled archive, documenting the terrible massacre seventy years before that saw 30,000 Jeju civilians murdered.
650 0 _aFamilies
_vFiction
_922172
650 0 _aMissing persons
_vFiction
_924148
650 0 _aBlizzards
_vFiction
_926584
650 0 _aFemale friendship
_vFiction
_923996
651 0 _aKorea (South)
_vFiction
_926585
651 0 _aKorea (South)
_xHistory
_yChejudo Rebellion, 1948
_vFiction
_926586
700 _aYae Won, Emily
_etranslator
_925805
700 _aMorris, Paige Aniyah
_etranslator
_925806
942 _2ddc
999 _c4885
_d4885